UBT Library

Produktionsplanung bei kundenauftragsorientierter kleinserienproduktion / (Record no. 278)

000 -LEADER
fixed length control field 00532nam a22001817a 4500
008 - FIXED-LENGTH DATA ELEMENTS--GENERAL INFORMATION
fixed length control field 131112b xxu||||| |||| 00| 0 ger d
020 ## - INTERNATIONAL STANDARD BOOK NUMBER
International Standard Book Number 3854284195
041 0# - LANGUAGE CODE
Language code of text/sound track or separate title ger
080 ## - UNIVERSAL DECIMAL CLASSIFICATION NUMBER
Universal Decimal Classification number 338.314
100 1# - Rafti
Rafti Asprion, Bernward
245 10 - TITLE STATEMENT
Title Produktionsplanung bei kundenauftragsorientierter kleinserienproduktion /
Statement of responsibility, etc Bernward Asprion
260 ## -
-- Wien :
-- Service Fachverlag ;
-- 2000.
300 ## -
-- 275 f. :
-- 24 cm.
500 ## -
-- Einleitung : f. 15-16
650 ## -
-- Prodhimi
650 ## -
-- Produktiviteti industrial
942 ## - ADDED ENTRY ELEMENTS (KOHA)
Source of classification or shelving scheme
Item type Books
Holdings
Withdrawn status Lost status Source of classification or shelving scheme Damaged status Not for loan Collection code Permanent location Current location Shelving location Date acquired Total Checkouts Full call number Barcode Date last seen Koha item type
          Koleksioni i përgjithshem UBT - Prishtine UBT - Prishtine Koleksioni i përgjithshem 11/12/2013   338.314 ASP 001-000334 11/12/2013 Books
          Koleksioni i përgjithshem UBT - Prishtine UBT - Prishtine Koleksioni i përgjithshem 11/12/2013   338.314 ASP 001-000333 11/12/2013 Books
UBT Library © 2015-2024. All rights reserved University Education for Business and Technology